R R C Design & Drawing (Record no. 4760)

MARC details
000 -LEADER
fixed length control field 00396nam a22001697a 4500
005 - DATE AND TIME OF LATEST TRANSACTION
control field 20160629164935.0
008 - FIXED-LENGTH DATA ELEMENTS--GENERAL INFORMATION
fixed length control field 160629b xxu||||| |||| 00| 0 eng d
020 ## - INTERNATIONAL STANDARD BOOK NUMBER
ISBN 978-93-80027-69-2
041 ## - LANGUAGE CODE
Language code of text/sound track or separate title eng
082 ## - DEWEY DECIMAL CLASSIFICATION NUMBER
Item number 12866
100 ## - MAIN ENTRY--AUTHOR NAME
Personal name Sharma, Neelam
245 ## - TITLE STATEMENT
Title R R C Design & Drawing
260 ## - PUBLICATION, DISTRIBUTION, ETC. (IMPRINT)
Name of publisher Katson
Year of publication 2012
300 ## - PHYSICAL DESCRIPTION
Number of Pages 420
650 ## - SUBJECT ADDED ENTRY--TOPICAL TERM
Topical Term Diploma Engineering
942 ## - ADDED ENTRY ELEMENTS (KOHA)
Koha item type Books
Holdings
Lost status Damaged status Home library Current library Shelving location Date acquired Cost, normal purchase price Full call number Accession Number Koha item type
    JRU Library   Shelf - 27- J 29/06/2016 250.00 12866 12866 Books
    JRU Library   Shelf - 27- L 29/06/2016 250.00 12866 12867 Books
    JRU Library   Shelf - 27- L 29/06/2016 250.00 12866 12868 Books
    JRU Library   Shelf - 27- L 29/06/2016 250.00 12866 12869 Books
    JRU Library   Shelf - 27- L 29/06/2016 250.00 12866 12870 Books
    JRU Library   Shelf - 27- M 29/06/2016 250.00 12866 12871 Books
    JRU Library   Shelf - 27- L 29/06/2016 250.00 12866 12872 Books
    JRU Library   SHELF-49-A 29/06/2016 250.00 12866 12873 Books
    JRU Library   Shelf - 27- L 29/06/2016 250.00 12866 12874 Books
    JRU Library   Shelf - 27- J 29/06/2016 250.00 12866 12875 Books
    JRU Library   Shelf - 27- M 29/06/2016 250.00 12866 12876 Books
    JRU Library   Shelf - 27- L 29/06/2016 250.00 12866 12877 Books
    JRU Library   SHELF-49-B 29/06/2016 250.00 12866 12878 Books
    JRU Library   Shelf - 27- L 29/06/2016 250.00 12866 12879 Books
    JRU Library   SHELF-49-B 29/06/2016 250.00 12866 12880 Books